[Event "Skara Vastgota op"]
[Site "Skara"]
[Date "2023.02.18"]
[Round "2"]
[White "Ask, Josef"]
[Black "Chatalbashev, Boris"]
[Result "0-1"]
[WhiteElo "2169"]
[BlackElo "2472"]
[PlyCount "64"]
[EventDate "2023.02.18"]
[EventType "swiss"]
[EventRounds "9"]
[EventCountry "SWE"]
[SourceTitle "CBM 212 Extra"]
[Source "ChessBase"]
[SourceDate "2023.03.31"]
[SourceVersion "1"]
[SourceVersionDate "2023.03.31"]
[SourceQuality "1"]

1. e4 g6 2. d3 Bg7 3. g3 c5 4. Bg2 Nc6 5. Ne2 e6 6. Nbc3 Nge7 7. 0-0 0-0 8. h3 Rb8 9. Be3 Nd4 10. Qd2 b5 11. a3 d6 12. Bh6 Bxh6 13. Qxh6 Nxc2 14. Rac1 Nd4 15. f4 Nxe2+ 16. Nxe2 Kh8 17. f5 exf5 18. Qe3 Be6 19. Rf4 b4 20. Rh4 Ng8 21. Rf1 bxa3 22. bxa3 g5 23. Rh5 f6 24. exf5 Bf7 25. Qf3 Qe8 26. g4 Bxh5 27. gxh5 Qe5 28. Rd1 Rb2 29. Ng3 Re8 30. h6 Nxh6 31. Ne4 d5 32. Nxc5 Qd4+ 0-1

[Event "Rilton Cup 50th"]
[Site "Stockholm"]
[Date "2022.12.29"]
[Round "3"]
[White "Ask, Josef"]
[Black "Rietze, Clemens"]
[Result "0-1"]
[WhiteElo "2202"]
[BlackElo "2359"]
[PlyCount "146"]
[EventDate "2022.12.27"]
[EventType "swiss"]
[EventRounds "9"]
[EventCountry "SWE"]
[SourceTitle "CBM 212 Extra"]
[Source "ChessBase"]
[SourceDate "2023.03.31"]
[SourceVersion "1"]
[SourceVersionDate "2023.03.31"]
[SourceQuality "1"]

1. e4 c6 2. c4 d5 3. cxd5 cxd5 4. exd5 Nf6 5. Nc3 Nxd5 6. d4 Nc6 7. Bc4 Nb6 8. Bb5 Be6 9. Nge2 g6 10. Nf4 Bd7 11. 0-0 Bg7 12. Be3 0-0 13. Qd2 Nb4 14. Be2 Bc6 15. Rfd1 e6 16. a3 N4d5 17. Nfxd5 Nxd5 18. Bh6 Rc8 19. Rac1 Ne7 20. Bxg7 Kxg7 21. Bf1 Qa5 22. Qf4 Rfd8 23. Rd3 Qf5 24. Qh4 Qf6 25. Qxf6+ Kxf6 26. Rcd1 Nd5 27. f3 Ke7 28. Kf2 Be8 29. Nxd5+ Rxd5 30. R1d2 Ba4 31. Be2 Kd6 32. Bd1 Bxd1 33. Rxd1 Rb5 34. R1d2 Kd5 35. Re3 f6 36. Red3 Rc1 37. b4 Rb6 38. Rd1 Rc2+ 39. R1d2 Rc1 40. Kg3 Rbc6 41. h4 h5 42. Kf4 Rh1 43. Kg3 Re1 44. Kf2 Rcc1 45. Kg3 Rc4 46. Kf2 Rec1 47. Ke3 Rh1 48. g3 Rg1 49. Kf2 Rcc1 50. f4 Rh1 51. Kg2 Rhe1 52. Kf2 Re4 53. Re2 Rc4 54. Rxe4 Kxe4 55. Re3+ Kd5 56. Kf3 b6 57. Rd3 Rxd4 58. Rc3 e5 59. fxe5 fxe5 60. Re3 Rd2 61. Rc3 Kd4 62. Rc6 e4+ 63. Kf4 Rf2+ 64. Kg5 Rf5+ 65. Kxg6 Rd5 66. g4 hxg4 67. h5 g3 68. h6 g2 69. Rc1 Ke3 70. h7 Rd8 71. Kg7 Kf2 72. Rc2+ Kf3 73. Rc1 e3 0-1

[Event "Rilton Cup 50th"]
[Site "Stockholm"]
[Date "2022.12.27"]
[Round "1"]
[White "Ask, Josef"]
[Black "Derakhshani, Borna"]
[Result "0-1"]
[WhiteElo "2202"]
[BlackElo "2400"]
[PlyCount "59"]
[EventDate "2022.12.27"]
[EventType "swiss"]
[EventRounds "9"]
[EventCountry "SWE"]
[SourceTitle "CBM 212 Extra"]
[Source "ChessBase"]
[SourceDate "2023.03.31"]
[SourceVersion "1"]
[SourceVersionDate "2023.03.31"]
[SourceQuality "1"]

1. e4 c6 2. c4 d5 3. cxd5 cxd5 4. exd5 Nf6 5. Nc3 Nxd5 6. d4 Nc6 7. Bc4 Be6 8. Bb3 g6 9. Nf3 Bg7 10. 0-0 0-0 11. h3 Rc8 12. Re1 Nxc3 13. bxc3 Bd5 14. Rb1 e6 15. Ba3 Re8 16. Bxd5 Qxd5 17. Qe2 Qa5 18. Rb3 b6 19. Nd2 Qa4 20. Bb2 Na5 21. Rb5 Nb7 22. Rb4 Qd7 23. Qf3 Nd6 24. g4 Qb7 25. Qxb7 Nxb7 26. Ne4 Red8 27. Kg2 Nd6 28. Nxd6 Rxd6 29. f4 Rd5 30. Re2 0-1

[Event "Malmo op"]
[Site "Malmo"]
[Date "2021.12.19"]
[Round "8"]
[White "Ask, Josef"]
[Black "Sivuk, Vitaly"]
[Result "0-1"]
[WhiteElo "2145"]
[BlackElo "2514"]
[PlyCount "150"]
[EventDate "2021.12.17"]
[EventType "swiss"]
[EventRounds "8"]
[EventCountry "SWE"]
[SourceTitle "CBM 205 Extra"]
[Source "ChessBase"]
[SourceDate "2022.01.31"]
[SourceVersion "1"]
[SourceVersionDate "2022.01.31"]
[SourceQuality "1"]

1. e4 c5 2. Nf3 d6 3. Bc4 Nf6 4. d3 e6 5. Bb3 Be7 6. 0-0 0-0 7. Re1 Nbd7 8. h3 b6 9. Nbd2 Bb7 10. Nf1 Qc7 11. Ng3 Rad8 12. Qe2 Ne5 13. Nh2 b5 14. f4 Nc6 15. c3 Rfe8 16. Bc2 Bf8 17. Be3 b4 18. Nf3 g6 19. d4 d5 20. e5 Nd7 21. Qf2 bxc3 22. bxc3 cxd4 23. Nxd4 Ba6 24. Ba4 Na5 25. Nge2 Nc4 26. Bc1 Rb8 27. Ng3 Ncb6 28. Bc6 Bc5 29. Bxd7 Qxd7 30. Kh1 Na4 31. Qf3 Bf8 32. Re3 Rbc8 33. Rb1 Qd8 34. Bd2 Nb6 35. Ree1 Nc4 36. Bc1 Qh4 37. Kh2 Bg7 38. Rb3 Kh8 39. Rb4 Nb6 40. Bd2 Rc4 41. Rxc4 Nxc4 42. Bc1 Rc8 43. Rd1 Qd8 44. Nb3 Qc7 45. Ne2 Nb6 46. Bd2 Qc4 47. Ned4 Qa4 48. Ra1 Bc4 49. Qf2 Kg8 50. Be1 Bd3 51. Qe3 Be4 52. Qf2 Nc4 53. Qe2 Qd7 54. Nd2 Nxd2 55. Qxd2 Qb7 56. Bf2 Qb8 57. Rc1 g5 58. g3 Rc4 59. Nb3 gxf4 60. gxf4 f6 61. exf6 Bxf6 62. Rg1+ Kf7 63. Bd4 e5 64. fxe5 Bxe5+ 65. Bxe5 Qxe5+ 66. Rg3 Ke8 67. Nd4 Rc7 68. Qe3 Rb7 69. Nb3 Rf7 70. Kg1 Rg7 71. Kh2 h5 72. h4 Rg4 73. Kh3 Qf5 74. Nd2 Rf4+ 75. Kh2 Rxh4+ 0-1

[Event "Gibraltar Challengers op-A"]
[Site "Caleta"]
[Date "2020.01.23"]
[Round "4"]
[White "Ask, Josef"]
[Black "Ungureanu, Sandu"]
[Result "1-0"]
[WhiteElo "2174"]
[BlackElo "2066"]
[PlyCount "109"]
[EventDate "2020.01.20"]
[EventType "swiss"]
[EventRounds "5"]
[EventCountry "GGB"]
[SourceTitle "CBM 194 Extra"]
[Source "ChessBase"]
[SourceDate "2020.03.31"]
[SourceVersion "1"]
[SourceVersionDate "2020.03.31"]
[SourceQuality "1"]

1. Nf3 d5 2. g3 c5 3. Bg2 Nc6 4. 0-0 e5 5. d3 f5 6. c4 dxc4 7. Qa4 Bd6 8. Ng5 Be7 9. Nc3 Bd7 10. f4 exf4 11. gxf4 h6 12. Nf3 Nb4 13. Qd1 Bc6 14. a3 Nd5 15. Ne5 Nxc3 16. Bxc6+ bxc6 17. bxc3 Bf6 18. Qa4 Ne7 19. Qxc4 Qd5 20. Be3 Bxe5 21. fxe5 Qxc4 22. dxc4 0-0 23. Bxc5 Rfe8 24. Rab1 Ng6 25. Rxf5 Rxe5 26. Rxe5 Nxe5 27. Rb7 Nxc4 28. Bd4 g5 29. Rg7+ Kf8 30. Rh7 Re8 31. Kf2 Nxa3 32. Rxh6 Nb5 33. Rxc6 Re4 34. e3 Kf7 35. Rf6+ Ke7 36. Rf5 Nd6 37. Rxg5 Ke6 38. Ra5 Rh4 39. Rxa7 Rxh2+ 40. Kf3 Rc2 41. Ra6 Kd7 42. Ra5 Ke6 43. e4 Rc1 44. Ra6 Kd7 45. Rb6 Re1 46. e5 Nc4 47. Rb5 Ke6 48. Kf4 Rf1+ 49. Ke4 Rd1 50. Rc5 Nd2+ 51. Ke3 Nb3 52. Rc6+ Kf5 53. Rf6+ Kg5 54. Rb6 Nd2 55. Ke2 1-0

[Event "Lidkoping op"]
[Site "Lidkoping"]
[Date "2019.08.24"]
[Round "3"]
[White "Bellon Lopez, Juan Manuel"]
[Black "Ask, Josef"]
[Result "0-1"]
[WhiteElo "2335"]
[BlackElo "2136"]
[PlyCount "130"]
[EventDate "2019.08.24"]
[EventType "swiss"]
[EventRounds "7"]
[EventCountry "SWE"]
[SourceTitle "EXT 2020"]
[Source "ChessBase"]
[SourceDate "2019.10.17"]
[SourceVersion "1"]
[SourceVersionDate "2019.10.17"]
[SourceQuality "1"]

1. Nf3 Nf6 2. d4 g6 3. Bf4 Bg7 4. e3 d6 5. h3 0-0 6. Be2 Ne4 7. Nbd2 Nxd2 8. Qxd2 Nd7 9. 0-0 e5 10. Bh2 Qe7 11. c4 f5 12. c5 g5 13. cxd6 cxd6 14. Qb4 a5 15. Qa3 f4 16. dxe5 Nxe5 17. exf4 gxf4 18. Rad1 Nxf3+ 19. Bxf3 Be5 20. Rfe1 Ra6 21. Bg4 Bxg4 22. hxg4 Qg7 23. Qf3 Rb6 24. b3 Kh8 25. Re4 Rb4 26. Rxb4 axb4 27. Rc1 b5 28. Qe2 Ra8 29. Qxb5 Qxg4 30. Qxb4 Rg8 31. Qe4 h5 32. Kf1 h4 33. Qf3 Qxf3 34. gxf3 h3 35. Ke2 Ra8 36. a4 Rb8 37. Rb1 Rb4 38. a5 Kg7 39. Kd3 Kf6 40. a6 Rb6 41. Ke4 d5+ 42. Kxd5 Rxa6 43. Rh1 Rd6+ 44. Kc5 Rd3 45. Bxf4 Bxf4 46. Rxh3 Rxb3 47. Kd5 Kf5 48. Kd4 Rb2 49. Rh7 Rd2+ 50. Kc3 Rxf2 51. Rf7+ Ke5 52. Kd3 Rxf3+ 53. Ke2 Ra3 54. Kf2 Ke4 55. Re7+ Be5 56. Ke1 Ra2 57. Kd1 Kd3 58. Ke1 Bd4 59. Kf1 Rf2+ 60. Ke1 Rg2 61. Kd1 Rh2 62. Re8 Ra2 63. Rc8 Ra7 64. Rc6 Be5 65. Ke1 Rf7 0-1

[Event "Gothenburg op"]
[Site "Gothenburg"]
[Date "2019.08.18"]
[Round "8"]
[White "Pettersson, Anders1111"]
[Black "Ask, Josef"]
[Result "1/2-1/2"]
[WhiteElo "2104"]
[BlackElo "2136"]
[PlyCount "27"]
[EventDate "2019.08.16"]
[EventType "swiss"]
[EventRounds "8"]
[EventCountry "SWE"]
[SourceTitle "CBM 191 Extra"]
[Source "ChessBase"]
[SourceDate "2019.09.30"]
[SourceVersion "1"]
[SourceVersionDate "2019.09.30"]
[SourceQuality "1"]

1. d4 Nf6 2. c4 d6 3. b3 g6 4. Bb2 Bg7 5. e3 0-0 6. Nf3 e5 7. dxe5 Nfd7 8. Nc3 dxe5 9. Be2 a5 10. 0-0 Na6 11. Qc2 Nb4 12. Qc1 Nc5 13. Rd1 Qe7 14. Nd5 1/2-1/2

[Event "Lund CellaVision Cup"]
[Site "Lund"]
[Date "2019.08.04"]
[Round "7"]
[White "Solozhenkina, Elizaveta"]
[Black "Ask, Josef"]
[Result "0-1"]
[WhiteElo "2322"]
[BlackElo "2136"]
[PlyCount "98"]
[EventDate "2019.08.02"]
[EventType "swiss"]
[EventRounds "8"]
[EventCountry "SWE"]
[SourceTitle "CBM 191 Extra"]
[Source "ChessBase"]
[SourceDate "2019.09.30"]
[SourceVersion "1"]
[SourceVersionDate "2019.09.30"]
[SourceQuality "1"]

1. Nf3 Nf6 2. g3 g6 3. d4 Bg7 4. Bg2 0-0 5. 0-0 d6 6. Nc3 Nbd7 7. Re1 c6 8. a4 e5 9. e4 Qc7 10. h3 Re8 11. a5 Rb8 12. Be3 b5 13. axb6 axb6 14. d5 b5 15. dxc6 Qxc6 16. Nd2 b4 17. Nd5 Nxd5 18. exd5 Qc7 19. Nb3 Nb6 20. Na5 Nc4 21. Nxc4 Qxc4 22. Bf1 Qc7 23. Qd2 Bf5 24. Rec1 Rec8 25. g4 Bd7 26. Ra7 Rb7 27. Rca1 Rcb8 28. Qd3 f5 29. Rxb7 Rxb7 30. Ra8+ Kf7 31. gxf5 Bxf5 32. Qa6 Bd7 33. b3 Bf6 34. Kh2 e4 35. Kg1 Be5 36. Bg5 Bd4 37. Bc4 Bxh3 38. Bb5 Kg7 39. Bc6 Ra7 40. Qc4 Qb6 41. Kh2 Bf5 42. Bd8 Qc5 43. Rxa7+ Qxa7 44. Qxb4 Bxf2 45. Qxd6 Qe3 46. Qf6+ Kh6 47. Qg5+ Qxg5 48. Bxg5+ Kxg5 49. d6 Kf6 0-1

[Event "Norrkoeping Easter op"]
[Site "Norrkoeping"]
[Date "2019.04.20"]
[Round "5"]
[White "Ask, Josef"]
[Black "Lindberg, Bengt"]
[Result "0-1"]
[WhiteElo "2159"]
[BlackElo "2381"]
[PlyCount "70"]
[EventDate "2019.04.19"]
[EventType "swiss"]
[EventRounds "8"]
[EventCountry "SWE"]
[SourceTitle "CBM 189 Extra"]
[Source "ChessBase"]
[SourceDate "2019.06.03"]
[SourceVersion "1"]
[SourceVersionDate "2019.06.03"]
[SourceQuality "1"]

1. e4 c5 2. d4 cxd4 3. c3 Nf6 4. e5 Nd5 5. Nf3 e6 6. cxd4 d6 7. a3 Bd7 8. Bd3 Bc6 9. 0-0 Nd7 10. b4 a6 11. Qe2 Rc8 12. Bd2 b5 13. Rc1 N7b6 14. Ra2 h6 15. Rac2 Qd7 16. exd6 Bxd6 17. Ne5 Bxe5 18. dxe5 Ne7 19. Nc3 Nf5 20. Be3 Nd5 21. Ne4 Ndxe3 22. fxe3 0-0 23. Nc5 Qa7 24. Qf2 Ne7 25. Qg3 a5 26. Rf1 axb4 27. axb4 Rcd8 28. Rf6 Rxd3 29. Nxd3 Be4 30. Rd2 Rd8 31. Qf4 Rxd3 32. Rxd3 Bxd3 33. Rxf7 Qa1+ 34. Kf2 Nf5 35. Rxf5 Bxf5 0-1

[Event "Vaxjo op"]
[Site "Vaxjo"]
[Date "2019.02.08"]
[Round "4"]
[White "Ask, Josef"]
[Black "Hector, Jonny"]
[Result "1/2-1/2"]
[WhiteElo "2164"]
[BlackElo "2488"]
[PlyCount "97"]
[EventDate "2019.02.08"]
[EventType "swiss"]
[EventRounds "8"]
[EventCountry "SWE"]
[SourceTitle "CBM 188 Extra"]
[Source "ChessBase"]
[SourceDate "2019.02.26"]
[SourceVersion "1"]
[SourceVersionDate "2019.02.26"]
[SourceQuality "1"]

1. Nf3 d5 2. g3 Nc6 3. d4 Bg4 4. Bg2 Qd7 5. h3 Bf5 6. g4 Bg6 7. Nh4 e6 8. Nxg6 hxg6 9. e3 g5 10. c4 Nge7 11. cxd5 exd5 12. Nc3 Nd8 13. e4 dxe4 14. Bxe4 Ne6 15. d5 Nf4 16. Bxf4 gxf4 17. Qd2 g5 18. 0-0-0 Bg7 19. d6 cxd6 20. Qxd6 Qxd6 21. Rxd6 Be5 22. Rd3 Rb8 23. Nb5 Rh6 24. Rhd1 Rb6 25. Nd6+ Kf8 26. b3 Bxd6 27. Rxd6 Rxd6 28. Rxd6 Rc8+ 29. Kb2 Rc7 30. Rd8+ Kg7 31. Ra8 b6 32. Rd8 f6 33. Ra8 Nc8 34. Rb8 Nd6 35. Bd5 f5 36. f3 Kf6 37. Rd8 Ke5 38. Ba8 Rc8 39. Rxc8 Nxc8 40. Kc3 Nd6 41. Bc6 a5 42. a4 Nf7 43. Kc4 Nd6+ 44. Kd3 fxg4 45. hxg4 Nc8 46. Kc4 Nd6+ 47. Kd3 Nf7 48. Kc4 Nd6+ 49. Kd3 1/2-1/2

[Event "Malmo op"]
[Site "Malmo"]
[Date "2018.12.15"]
[Round "4"]
[White "Lindberg, Bengt"]
[Black "Ask, Josef"]
[Result "1/2-1/2"]
[WhiteElo "2404"]
[BlackElo "2138"]
[PlyCount "160"]
[EventDate "2018.12.14"]
[EventType "swiss"]
[EventRounds "8"]
[EventCountry "SWE"]
[SourceTitle "CBM 187 Extra"]
[Source "ChessBase"]
[SourceDate "2018.11.04"]
[SourceVersion "1"]
[SourceVersionDate "2018.11.04"]
[SourceQuality "1"]

1. e4 e6 2. d4 d5 3. Nc3 dxe4 4. Nxe4 Bd7 5. Nf3 Bc6 6. Bd3 Nd7 7. c4 Bb4+ 8. Nc3 Ngf6 9. 0-0 Bxf3 10. Qxf3 c6 11. Bg5 0-0 12. Rad1 Qa5 13. Ne4 Be7 14. Bb1 Rfe8 15. Bd2 Qc7 16. Bf4 Qb6 17. b3 Nxe4 18. Qxe4 Nf6 19. Qf3 Rad8 20. Be5 Rd7 21. Qh3 g6 22. Rd3 Qd8 23. Rf3 Kg7 24. Qh4 c5 25. dxc5 Rd1 26. g4 h6 27. Qh3 Qd2 28. Bc3 Rxf1+ 29. Qxf1 Qg5 30. h3 e5 31. b4 h5 32. Rg3 hxg4 33. hxg4 Bd8 34. Qe1 Bc7 35. Qe3 Qh4 36. Qf3 Rh8 37. Be4 Qh2+ 38. Kf1 b6 39. c6 Rh4 40. Bd5 Nxd5 41. cxd5 f6 42. Qg2 Qh1+ 43. Qxh1 Rxh1+ 44. Ke2 Rc1 45. Re3 g5 46. Bd2 Rc2 47. Ra3 a5 48. Kd1 Rc4 49. bxa5 bxa5 50. Bxa5 Rd4+ 51. Ke2 Bd6 52. c7 Rc4 53. Rb3 Kg6 54. Rb7 e4 55. Bb6 Bf4 56. a4 f5 57. gxf5+ Kxf5 58. Be3 Bxc7 59. Rb5 Bd6 60. a5 Ra4 61. Bc5 Ra2+ 62. Kf1 Ke5 63. Be3 g4 64. Kg2 Kf5 65. Kf1 Ra1+ 66. Ke2 Ra2+ 67. Kd1 Ke5 68. Kc1 Ra3 69. Kb2 g3 70. Rb3 Rxb3+ 71. Kxb3 g2 72. a6 Bb8 73. Kc4 Kf5 74. f3 exf3 75. a7 Bxa7 76. Bxa7 Kg4 77. d6 Kg3 78. d7 f2 79. Bxf2+ Kxf2 80. d8Q g1Q 1/2-1/2

[Event "Hasselbacken op"]
[Site "Stockholm"]
[Date "2018.11.04"]
[Round "8"]
[White "Fors, Tomas"]
[Black "Ask, Josef"]
[Result "0-1"]
[WhiteElo "2152"]
[BlackElo "2143"]
[PlyCount "82"]
[EventDate "2018.11.02"]
[EventType "swiss"]
[EventRounds "8"]
[EventCountry "SWE"]
[SourceTitle "CBM 187 Extra"]
[Source "ChessBase"]
[SourceDate "2018.11.04"]
[SourceVersion "1"]
[SourceVersionDate "2018.11.04"]
[SourceQuality "1"]

1. d4 Nf6 2. c4 g6 3. Nc3 Bg7 4. e4 d6 5. h3 0-0 6. Bg5 Na6 7. Nf3 e5 8. d5 c6 9. Be2 cxd5 10. Nxd5 Nc5 11. Nd2 Ne6 12. Be3 Nxd5 13. cxd5 Nf4 14. Bf1 f5 15. g3 fxe4 16. Nxe4 Bf5 17. Nc3 Qe7 18. Qd2 Rfc8 19. f3 b5 20. Kf2 b4 21. Ne4 Bxe4 22. fxe4 Rf8 23. Kg1 Qg5 24. Kh2 Qh5 25. gxf4 exf4 26. Bd4 Bh6 27. Rg1 f3 28. Qf2 Rae8 29. Re1 Rf4 30. e5 dxe5 31. Be3 Qf5 32. Rc1 e4 33. d6 Bg7 34. d7 Rf8 35. Rc8 Qxd7 36. Rxf8+ Rxf8 37. Bc4+ Kh8 38. Rxg6 Qc7+ 39. Kh1 Qxc4 40. Rxg7 Kxg7 41. Bd4+ Kf7 0-1

[Event "Vasteras op"]
[Site "Vasteras"]
[Date "2018.09.29"]
[Round "5"]
[White "Miezis, Normunds"]
[Black "Ask, Josef"]
[Result "1-0"]
[WhiteElo "2470"]
[BlackElo "2141"]
[PlyCount "139"]
[EventDate "2018.09.28"]
[EventType "swiss"]
[EventRounds "8"]
[EventCountry "SWE"]
[SourceTitle "CBM 186 Extra"]
[Source "ChessBase"]
[SourceDate "2018.08.24"]
[SourceVersion "1"]
[SourceVersionDate "2018.08.24"]
[SourceQuality "1"]

1. c4 e5 2. Nc3 Nf6 3. g3 Nc6 4. Bg2 Bc5 5. e3 a6 6. Nge2 d6 7. h3 0-0 8. 0-0 Ba7 9. Kh2 h6 10. b3 Ne7 11. Bb2 c6 12. d4 exd4 13. Nxd4 d5 14. cxd5 Nexd5 15. Nxd5 Nxd5 16. Rc1 c5 17. Nc2 Be6 18. e4 Nb4 19. Nxb4 cxb4 20. Qh5 Qg5 21. Qe2 Qa5 22. Ba1 Rac8 23. f4 Rxc1 24. Rxc1 Rc8 25. Rf1 Bd7 26. Rd1 Qb5 27. Qb2 f6 28. Qd2 Bc6 29. h4 Qc5 30. Qe2 Qf2 31. Qxf2 Bxf2 32. Bh3 Re8 33. e5 fxe5 34. Bxe5 Bb6 35. Rd6 Rd8 36. Be6+ Kh8 37. Bf5 Rxd6 38. Bxd6 a5 39. g4 Bd4 40. Kg3 Bd5 41. g5 Bc3 42. Kf2 hxg5 43. hxg5 Kg8 44. g6 Bd4+ 45. Ke2 Bg1 46. Kd3 Bg2 47. Be4 Bf1+ 48. Kc2 b6 49. Bd5+ Kh8 50. Be5 Bc5 51. f5 Be7 52. Bd4 Bd8 53. Be6 Bg2 54. Kd3 Bf1+ 55. Ke3 Bg2 56. Kf4 Bh1 57. Be5 Bc6 58. Ke3 Bg2 59. Kd4 Bh4 60. Bc7 Bf2+ 61. Kc4 Be4 62. Be5 Bh4 63. Bc7 Bf2 64. Kb5 Bd3+ 65. Kc6 Be4+ 66. Kd7 Bd4 67. Bd8 Bb1 68. Ke8 Bxa2 69. f6 gxf6 70. Kf7 1-0

[Event "Deltalift op"]
[Site "Tylosand"]
[Date "2018.05.12"]
[Round "8"]
[White "Ask, Josef"]
[Black "Wernberg, Hugo"]
[Result "1-0"]
[WhiteElo "2135"]
[BlackElo "1977"]
[PlyCount "101"]
[EventDate "2018.05.10"]
[EventType "swiss"]
[EventRounds "8"]
[EventCountry "SWE"]
[SourceTitle "CBM 184 Extra"]
[Source "ChessBase"]
[SourceDate "2018.06.28"]
[SourceVersion "1"]
[SourceVersionDate "2018.06.28"]
[SourceQuality "1"]

1. Nf3 Nf6 2. g3 b6 3. Bg2 Bb7 4. c4 e5 5. d3 Bb4+ 6. Bd2 Bxd2+ 7. Nbxd2 d6 8. 0-0 0-0 9. b4 Re8 10. Qb3 Nbd7 11. e4 a5 12. a3 axb4 13. axb4 Qe7 14. Nh4 Qf8 15. Rxa8 Rxa8 16. f4 Ra7 17. fxe5 dxe5 18. Bh3 Nb8 19. Ndf3 Nc6 20. c5 bxc5 21. Nf5 Bc8 22. Ng5 Bxf5 23. Bxf5 Nd4 24. Qc4 h6 25. Nxf7 Nxf5 26. Nxe5+ Kh7 27. Rxf5 cxb4 28. Nc6 Ra1+ 29. Kg2 Qd6 30. Nxb4 Ng4 31. Qc5 Ne3+ 32. Qxe3 Qxb4 33. Rf2 Qd6 34. e5 Qd5+ 35. Qe4+ Qxe4+ 36. dxe4 Ra8 37. Rc2 Rc8 38. Rc6 Kg8 39. Kf3 Kf7 40. Kf4 Ke7 41. e6 Kf6 42. h4 Rf8 43. e5+ Kg6+ 44. Ke4 Rc8 45. g4 h5 46. g5 Re8 47. e7+ Kf7 48. Rxc7 g6 49. Kd5 Rxe7 50. e6+ Kf8 51. Rxe7 1-0